000
00290nam a22001097a 4500
020
_a
0-471-89383-8
082
_a
536.528 BEN'F
100
_a
BENEDICT, R. P
_9
68095
245
_a
FUNDAMENTALS OF TEMPRATURE PRESSURE AND FLOW MEASUREMENTS
260
_a
NEWYORK
_b
JOHN WILEY
_c
1984
942
_c
BK
999
_c
575742
_d
575742